=LDR 00000nam 2200000 4500 =001 INLIS000000000007287 =005 20200506013636 =035 ##$$a 0010-061300000007287 =008 200506################g##########0#ind## =041 ##$$a Ind =082 ##$$a 2x0 =090 ##$$a 2x0, Mif p =100 #$$a Miftahuzzaman =245 1#$$a Pencemaran wajah Islam atas nama Islam, /$c H. Miftahuzzaman =260 ##$$a Solo :$b Aneka,$c 2001 =300 ##$$a 96 hlm., 21 cm ; $c 13 x 21 cm =650 #4$$a Islam =084 ##$$a 2x0 MIF p =250 ##$$a cet.1 =990 ##$$a 66.672/Pb-2001